Los migrantes indocumentados: su vulnerabilidad y la nuestra /
Enregistré dans:
| Auteur principal: | |
|---|---|
| Format: | Texte |
| Tags: |
Ajouter un tag
Pas de tags, Soyez le premier à ajouter un tag!
|
MARC
| LEADER | 00000 a a2200000 04500 | ||
|---|---|---|---|
| 001 | 44203 | ||
| 003 | |||
| 040 | |||
| 100 | |a Casillas R., Rodolfo | ||
| 245 | |a Los migrantes indocumentados: |b su vulnerabilidad y la nuestra / |c Rodolfo Casillas R. | ||
| 500 | |a casillas@flacso.edu.mx | ||
| 773 | |g páginas 145-164: tablas | ||
| 999 | |c 26511 |d 26511 | ||
| 773 | 0 | |0 4399 |9 9674 |a Armijo Canto, Natalia |d México : CASEDE |o 12673 |t Migración y seguridad: |w (cru CIDCAS/IIS)44193 |z 978-607-95380-2-6 | |



